| 000 | 00907cam a22002777a 4500 | ||
|---|---|---|---|
| 003 | CHAP | ||
| 005 | 20220329141637.0 | ||
| 008 | 971013s1982 r 00010 d | ||
| 010 | _a71550 | ||
| 011 | _a72522 | ||
| 035 | _a82077 | ||
| 040 | _cCHAP | ||
| 082 |
_a632.15 _bA38 |
||
| 100 | 0 | 0 |
_aAguilar, Jasmine. _92889 |
| 245 | 1 | 4 |
_aLos libros del maíz _b: técnicas tradicionales de cultivo |
| 260 |
_aMéxico, D.F. : _bArbol, _c1982 |
||
| 300 |
_a120 p. _b: ilus. |
||
| 590 |
_aBATCH-UPD _b10 _c20130110 _lUCH01 _h1937 |
||
| 590 |
_aCONVERSION _b10 _c20130109 _lUCH01 _h1339 |
||
| 650 | 1 | 4 |
_aSistemas de cultivo. _9106746 |
| 901 | _aBK | ||
| 942 | _cLIBRO | ||
| 949 |
_a632.15 A38 _bBC _cLIBRO _d33724000177192 _eLIBRO _fc.2 _h78730 _i82077 _mD. _si |
||
| 949 |
_a632.15 A38 _bBC _cLIBRO _d33724000194106 _eLIBRO _h72904 _i82077 _mD. _si |
||
| 949 |
_a632.15 A38 _bBC _cLIBRO _d33724000782801 _eLIBRO _fc.3 _h96745 _i82077 _si |
||
| 999 |
_c71550 _d71550 |
||